Shahrah E Kamyabi (Record no. 610490)
[ view plain ]
| 000 -LEADER | |
|---|---|
| fixed length control field | 00320nam a22001337a 4500 |
| 020 ## - INTERNATIONAL STANDARD BOOK NUMBER | |
| International Standard Book Number | 9690018493 |
| 040 ## - CATALOGING SOURCE | |
| Transcribing agency | NUST |
| 082 ## - DEWEY DECIMAL CLASSIFICATION NUMBER | |
| Classification number | 158 |
| Author Mark | SEY |
| 100 ## - MAIN ENTRY--PERSONAL NAME | |
| Personal name | Faiez Hassan (Seyal) |
| 9 (RLIN) | 124541 |
| 245 ## - TITLE STATEMENT | |
| Title | Shahrah E Kamyabi |
| 260 ## - PUBLICATION, DISTRIBUTION, ETC. | |
| Place of publication, distribution, etc. | Pakistan: |
| Name of publisher, distributor, etc. | Saeed Book Bank, |
| Date of publication, distribution, etc. | 2004. |
| 650 ## - SUBJECT ADDED ENTRY--TOPICAL TERM | |
| Source of heading or term | Shahrah E Kamyabi |
| 942 ## - ADDED ENTRY ELEMENTS (KOHA) | |
| Source of classification or shelving scheme | |
| Koha item type | Book |
| Withdrawn status | Lost status | Source of classification or shelving scheme | Damaged status | Not for loan | Permanent Location | Current Location | Shelving location | Date acquired | Total Checkouts | Full call number | Barcode | Date last seen | Price effective from | Koha item type |
|---|---|---|---|---|---|---|---|---|---|---|---|---|---|---|
| College of Electrical & Mechanical Engineering (CEME) | College of Electrical & Mechanical Engineering (CEME) | General Stacks | 07/21/2024 | 158 SEY | CEME- 43492 | 07/21/2024 | 07/21/2024 | Book |
